Регионална библиотека "Любен Каравелов" - Русе

В кухнята с Инес (Запис номер 328357)

MARC детайли
000 -Лидер
Лидер 01417nam a2200313 a 4500
003 - Код на организацията, давaща контролен номер
Код на организацията, даваща контролен номер BLK
005 - Дата и час на последна редакция
Дата и час на последна редакция 20250613090353.0
008 - Елементи от данни с фиксирана дължина
Елементи с фиксирана дължина 190118b bu ao|||r|||| 00| | bu d
020 ## - Международен стандартен номер на книга ISBN
ISBN 9786199113301
040 ## - Източник на каталожния запис
Код на библиотеката BLK
041 ## - Код за език
Език Български
Език за КДБФ Български
080 ## - УДК
9 (RLIN) 236966
УДК текст Приготвяне на храна(общи въпроси). Рецепти. Готварски книги
УДК код 641.55
УДК – код + определител 641.55
100 ## - Редна дума - Автор
Автор Субашка, Инес Галинова
R(LIN) 1299
245 ## - Сведения за заглавието
Заглавие В кухнята с Инес
Подзаглавни данни 55 любими, здравословни рецепти
Авторска отговорност Инес Субашка; фотогр. Весела Субашка.
260 ## - Област на издателските данни
9 (RLIN) 392036
Място на издаване София
Име на издателя Инспайърд фит стронг
Година на издаване 2018
Печатница [София] : J-Point
300 ## - Физическа характеристика
Брой страници 137 с.
Илюстрации с цв. фотогр.
Размер 18х24 см
380 ## - Жанр
Жанр Техника
500 ## - Общи забележки
Обща забележка Здравословни готварски рецепти, включващи предястия, основни ястия и десерти.
650 #7 - Допълнително описание по предмет – тема
9 (RLIN) 169391
Предметна рубрика Рецепти
650 #7 - Допълнително описание по предмет – тема
9 (RLIN) 152335
Предметна рубрика Готварство
700 ## - Други автори (авторска отговорност)
9 (RLIN) 488512
Друг автор Субашка, Весела
852 ## - Местоположение
Сигнатура (форматна) Цб І 37901
Отдел Хранилище
852 ## - Местоположение
Отдел Заемна - подръчен фонд
Систематично-азбучна сигнатура 641/С 89 И
942 ## - АРТИКУЛИ
Вид на библиотечния документ Книги
Скрит в OPAC Не
Koha issues (borrowed), all copies 3
944 ## - СЪЗДАВАНЕ И РЕДАКЦИЯ на ЗАПИСА
Създаване/Редакция Създаване
Дата на регистрацията/редакция 2019-01-18
Служител, извършил регистрацията/редакцията 30575
Номер на служител Мартин Енчев
944 ## - СЪЗДАВАНЕ И РЕДАКЦИЯ на ЗАПИСА
Създаване/Редакция Редакция
Дата на регистрацията/редакция 2023-07-27
Служител, извършил регистрацията/редакцията СТ
999 ## - СИСТЕМНИ КОНТРОЛНИ НОМЕРА
Koha biblionumber 328357
Koha biblioitemnumber 328357
999 ## - СИСТЕМНИ КОНТРОЛНИ НОМЕРА
Koha biblioitemnumber 328357
Наличности
Код за отписване Код за изгубен артикул Източник на класификационната схема Код за повреда Коз за рестрикции Код за отдаване Артикулен № Име на библиотеката - собственик Име на библиотеката, в която се намира в момента Статус (Текущо местоположение) Дата на вписване в системата Местоположение - отдел Цена в лева Систематично азбучна сигнатура Баркод Цена в евро Служебен тип на артикула Инвентарен номер
  Не е изгубен Universal Decimal Classification Не е повреден без рестрикции ползва се в читалня 688516 Регионална библиотека "Любен Каравелов" Русе Регионална библиотека "Любен Каравелов" Русе Хранилище 2019-01-24 Хранилище 24.90 Цб І 37901 120000829092 12.73 Книги  
  Не е изгубен Universal Decimal Classification Не е повреден   заемане за дома 931509 Регионална библиотека "Любен Каравелов" Русе Регионална библиотека "Любен Каравелов" Русе Заемна - подръчен фонд 2023-07-28 Заемна - подръчен фонд 24.90 641/С 89 И 120000890684 12.73 Книги 120000890684
Vip Innovations Ltd, Rousse, Bulgaria 2025